LEADER 01743nam 2200421 450 001 996280743603316 005 20231206041450.0 024 7 $a10.1109/IEEESTD.2004.94612 035 $a(CKB)1000000000035424 035 $a(NjHacI)991000000000035424 035 $a(EXLCZ)991000000000035424 100 $a20231206d2004 uy 0 101 0 $aeng 135 $aur||||||||||| 181 $ctxt$2rdacontent 182 $cc$2rdamedia 183 $acr$2rdacarrier 200 10$aIEEE Std 1363a-2004 (Amendment to IEEE Std 1363-2000) /$fIEEE 210 1$a[Place of publication not identified] :$cIEEE,$d2004. 215 $a1 online resource 311 $a0-7381-4004-X 330 $aAmendment to IEEE Std 1363-2000, this standard specifies additional public-key cryptographic techniques beyond those in IEEE Std 1363-2000. It is intended to be merged with IEEE Std 1363-2000 during future revisions. 517 $a1363a-2004 - IEEE Standard Specifications for Public-Key Cryptography - Amendment 1 517 $aIEEE Std 1363a-2004 (Amendment to IEEE Std 1363-2000): IEEE Standard Specifications for Public-Key Cryptography - Amendment 1: Additional Techniques 517 $aIEEE Std 1363a-2004 517 $aIEEE Standard Specifications for Public-Key Cryptography - Amendment 1 517 $aIEEE Standard Specifications for Public-Key Cryptography- Amendment 1 606 $aPublic key cryptography 606 $aDigital signatures 615 0$aPublic key cryptography. 615 0$aDigital signatures. 676 $a005.824 801 0$bNjHacI 801 1$bNjHacl 906 $aDOCUMENT 912 $a996280743603316 996 $aIEEE Std 1363a-2004 (Amendment to IEEE Std 1363-2000)$92577774 997 $aUNISA LEADER 01025nam0-2200349---450 001 990008674060403321 005 20240605114140.0 035 $aFED01000867406 035 $a(Aleph)000867406FED01 035 $a000867406 100 $a20080617d1959----km-y0itay50------ba 101 0 $ager 102 $aDE 105 $aa-------001yy 200 1 $aArbeitsverfahren und Maschinen für den Weinbau$fvon Gerhardt Preuschen, Heinrich Dupuis, Olaf Nord 210 $aStuttgart$cEugen Ulmer$d1959 215 $a112 p.$cill.$d23 cm 610 0 $aVini 610 0 $aMacchine agricole 676 $a663.2$v20$zita 700 1$aPreuschen,$bGerhardt$0309067 701 1$aDupuis,$bHeinrich$0309068 701 1$aNord,$bOlaf$0309069 801 0$aIT$bUNINA$gRICA$2UNIMARC 901 $aBK 912 $a990008674060403321 952 $a663.2 37$b2804$fDAGMI 952 $aA MIC 1824$b8626/2024$fFAGBC 959 $aDAGMI 959 $aFAGBC 996 $aArbeitsverfahren und Maschinen für den Weinbau$9717916 997 $aUNINA